1552 1186 1872 1370 1292 1542 1088 1615 1247 1543 1463 1495 1487 1142 1419 1278 1781 1549 1108 1297 1207 1961 1374 1288 1770 1868 1876 1171 1988 1642 1478 1378 1384 1912 1847 1893 1047 1349 1428 1041 1468 1430 1272 1708 1916 1666 1268 1653 1971 1144 1773 1871 1890 1241 1857 1516 1191 1669 1549 1723 1726 1859 1432 1646 1076 1219 1828 1669 1309 1036 1192 1490 1499 1848 1536 1512 1959 1255 1883 1794 1692 1808 1103 1237 1386 1578 1826 1964 1227 1373 1381 1023 1256 1731 1180 1097 1537 1391 1382 BCNSPRNW ULIB Ver.6.0+V

เปลี่ยนเป็นภาษาไทย

Change to English
 แสดงรายละเอียดบรรณานุกรม
  กลับหน้าหลัก

Brief Record : Get Marc (ISO 2709) : E-mail record : QR code < ปิดหน้าต่าง
LEADER : 00000nam 2200000uu 4500
001    13399128626
003     ULIB
008    230924s2565||||th 000 0 tha d
020    ^a9786164262782
050  4 ^aHA35^bป533ส
100 0  ^aปัทมา สุพรรณกุล
245 10 ^aสถิติประยุกต์สำหรับงานวิจัยด้านสาธารณสุข /^cปัทมา สุพรรณกุล
250    ^aพิมพ์ครั้งที่ 3
260    ^aพิษณุโลก :^bสำนักพิมพ์มหาวิทยาลัยนเรศวร,^c2565
300    ^a238 หน้า :^bภาพประกอบ ;^c26 ซม.
504    ^aมีบรรณานุกรมและดัชนี
650  4 ^aคณิตศาสตร์สถิติ
650  4 ^aสถิติวิเคราะห์
650  4 ^aสถิติศาสตร์
650  4 ^aสาธารณสุข^xวิจัย
945    ^p280^l0^i29890
945    ^p280^l0^i29891
999    ^aกัณชพร จุลอักษร
รายการนี้ยังไม่มีแท็ก
คุณยังไม่ได้ล็อกอิน คุณสามารถมีกิจกรรมร่วมกับเว็บไซต์ได้ แต่ต้องล็อกอินก่อน ::
  ล็อกอิน

รายการสื่อสารสนเทศ

ลำดับที่ ประเภท เลขเรียก/บาร์โค้ด สถานที่ สถานะ
1. หนังสือสำรอง
หนังสือสำรอง
HA35 ป533ส ฉ.1 
  Barcode: 29890
ห้องสมุดวิทยาเขตนครสวรรค์
►หนังสือทั่วไป:l:General Books
บนชั้น
2. วิทยาศาสตร์การแพทย์ และสุขภาพ
วิทยาศาสตร์การแพทย์ และสุขภาพ
HA35 ป533ส ฉ.2 
  Barcode: 29891
ห้องสมุดวิทยาเขตนครสวรรค์
►หนังสือทั่วไป:l:General Books
บนชั้น

รายการใกล้เคียง
    ผู้แต่ง [ปัทมา สุพรรณกุล]

    หัวเรื่อง [คณิตศาสตร์สถิติ]
    หัวเรื่อง [สถิติวิเคราะห์]
    หัวเรื่อง [สถิติศาสตร์]
    หัวเรื่อง [สาธารณสุข วิจัย]

BibComment


ยังไม่เคยถูกคอมเมนท์

คอมเมนท์ทรัพยากรรายการนี้
  คอมเมนท์: สถิติประยุกต์สำห..


 Copyright 2026. Bcnsprnw @Library